Vilhelm Hammershøi and Danish art at the turn of the century / (Record no. 22436)
[ view plain ]
| 000 -LEADER | |
|---|---|
| fixed length control field | 01146pam a2200301 a 4500 |
| 001 - CONTROL NUMBER | |
| control field | 2962652 |
| 005 - DATE AND TIME OF LATEST TRANSACTION | |
| control field | 20170124104328.0 |
| 008 - FIXED-LENGTH DATA ELEMENTS--GENERAL INFORMATION | |
| fixed length control field | 911206s1992 ctua b 001 0beng |
| 010 ## - LIBRARY OF CONGRESS CONTROL NUMBER | |
| LC control number | 91051107 |
| 020 ## - INTERNATIONAL STANDARD BOOK NUMBER | |
| International Standard Book Number | 0300049560 |
| 041 1# - LANGUAGE CODE | |
| Language code of text/sound track or separate title | eng |
| Language code of original | dan |
| 050 00 - LIBRARY OF CONGRESS CALL NUMBER | |
| Classification number | ND723 .H282V2813 1992 |
| 100 1# - MAIN ENTRY--PERSONAL NAME | |
| Personal name | Vad, Poul. |
| 240 10 - UNIFORM TITLE | |
| Uniform title | <a href="Hammershøi.">Hammershøi.</a> |
| Language of a work | English |
| 245 10 - TITLE STATEMENT | |
| Title | Vilhelm Hammershøi and Danish art at the turn of the century / |
| Statement of responsibility, etc. | Poul Vad ; translated by Kenneth Tindall. |
| 260 ## - PUBLICATION, DISTRIBUTION, ETC. (IMPRINT) | |
| Place of publication, distribution, etc. | New Haven : |
| Name of publisher, distributor, etc. | Yale University Press, |
| Date of publication, distribution, etc. | 1992. |
| 300 ## - PHYSICAL DESCRIPTION | |
| Extent | 462 p. : |
| Other physical details | ill. (some col.) ; |
| Dimensions | 31 cm. |
| 504 ## - BIBLIOGRAPHY, ETC. NOTE | |
| Bibliography, etc | Includes bibliographical references (p. 442-445) and index. |
| 600 10 - SUBJECT ADDED ENTRY--PERSONAL NAME | |
| Personal name | Hammershøi, Vilhelm, |
| Dates associated with a name | 1864-1916. |
| 650 #0 - SUBJECT ADDED ENTRY--TOPICAL TERM | |
| Topical term or geographic name as entry element | Painters |
| Geographic subdivision | Denmark |
| General subdivision | Biography. |
| 942 ## - ADDED ENTRY ELEMENTS (KOHA) | |
| Source of classification or shelving scheme | |
| Koha item type | Hard Covered Materials |
| Withdrawn status | Lost status | Source of classification or shelving scheme | Damaged status | Not for loan | Home library | Current library | Shelving location | Date acquired | Source of acquisition | Total Checkouts | Full call number | Barcode | Date last seen | Price effective from | Koha item type |
|---|---|---|---|---|---|---|---|---|---|---|---|---|---|---|---|
| MACHAKOS UNIVERSITY LIBRARY | MACHAKOS UNIVERSITY LIBRARY | Technical section | 24/01/2017 | Donation(BFA) | ND723 .H282V2813 1992 | 31966 | 23/07/2018 | 24/01/2017 | Hard Covered Materials |